000 00554nam a2200193Ia 4500
005 20250326141322.0
008 250326s9999 xx 000 0 und d
020 _a81-7240-021-7
037 _aTextbook
040 _aFMSL
_beng
_cFMSL
041 _aeng
_2eng
084 _aX:8 N2
_qFMSL
100 _aAmarchand D
245 0 _aCorporate culture and organizational effectiveness
_cAmarchand D; Jayaraj B J
260 _aNew Delhi
_bNew Delhi, Global Business
_c1992
300 _a168p
942 _cTB
_hX:8 N2
999 _c1289756
_d1289756